| 000 | 00454nam a2200157Ia 4500 | ||
|---|---|---|---|
| 003 | GCL | ||
| 008 | 140319s9999 xx 000 0 eng d | ||
| 040 |
_aGCL / _cGCL |
||
| 082 | 0 | 4 |
_a862 _bB T |
| 100 | 1 | _aBECHT, BERLOLT | |
| 245 | 1 | 0 |
_aTEATRO COMPLETO, 1 BAAL. TAMBORES EN LA NACHE EN LA JUNGLA DE LES CIUDADES / _cBECHT, BERLOLT |
| 260 |
_a[S.N] : _bEL LIBRO DE BOLSILLO ، _c1987 |
||
| 300 | _a209 | ||
| 650 | 0 | 4 | _aSPANISH LITERATURE |
| 942 |
_2ddc _cBK |
||
| 999 |
_c10604 _d10604 |
||